000 00295nam a2200121Ia 4500
008 191201s2014 xx 000 0 und d
100 _aGULHATI, Shashi K
245 0 _aGeotechnical Engineering
260 _aN. delhi
_bPearson
_c2014
300 _a737
650 _aB.Tech(CE)
942 _2ddc
_cBK
_02
999 _c6077
_d6077